Sports Quiz

Random Sports Quiz

Sports shown on ESPN Quiz Stats

 Plays Quiz not verified by Sporcle

Support Sporcle.
Go Orange.
Score 0/16 Timer 05:00
0 Plays Today
% Correct
Basketball
98.5%
Football
98.5%
Baseball
92.4%
Hockey
90.9%
Soccer
78.8%
Tennis
69.7%
Swimming
56.1%
Bowling
43.9%
% Correct
Volleyball
40.9%
Racing
36.4%
Lacrosse
33.3%
Rugby
33.3%
Boxing
24.2%
Cricket
22.7%
Softball
16.7%
Fencing
3%

You're not logged in!

Compare scores with friends on all Sporcle quizzes.
OR
Log In

From the Vault

-lphabetized: NFL QBs

by jrage2009

Knowing the alphabet might be harder than knowing all the names; we don't judge.
Remove Ads.
Support Sporcle.
Get the best of Sporcle when you Go Orange. This ad-free experience offers more features, more stats, and more fun while also helping to support Sporcle. Thank you for becoming a member.

Show Comments

Extras

Created Mar 28, 2012ReportNominate

Top Quizzes Today


Score Distribution

Your Account Isn't Verified!

In order to create a playlist on Sporcle, you need to verify the email address you used during registration. Go to your Sporcle Settings to finish the process.

Report this User

Report this user for behavior that violates our Community Guidelines.

Details: